Szczegóły MARC21

Działania ekonomiczne podmiotów rynkowych : materiały konferencyjne Międzynarodowej Konferencji "Ekonomiczne wyzwania XXI wieku, Polska - Unia Europejska - Świat" zorganizowanej przez Katedrę Mikroekonomii Uniwersytetu Szczecińskiego w ramach IV Ogólnopolskiego Zjazdu Katedr Ekonomii : praca zbiorowa /

003 -Nazwa inst., której nr kontr. jest w polu 001 [,]
    • @
    • Nazwa instytucji, której n kontrolny jest w polu 001
    • NUKAT
005 -DATA I CZAS OSTATNIEJ MODYFIKACJI [,]
    • @
    • pole kontrolne
    • 20241231085821.0
020 -Międzynarod. znormalizowany nr książki - ISBN [ , ]
    • a
    • Numer ISBN
    • 9788360903476 Find
040 -Instytucja sporządzająca opis [ , ]
    • a
    • Instytucja, która sporządziła opis (NP)
    • WA 14/DG
    • b
    • Język katalogowania
    • pol
    • e
    • Zasady katalogowania
    • rda
    • c
    • Instytucja, która sporządziła rekord (NP)
    • WA 14/DG
    • d
    • Instytucja, która zmodyfikowała rekord (P)
    • KR 7/HTs
    • d
    • Instytucja, która zmodyfikowała rekord (P)
    • KR U/KNs
    • d
    • Instytucja, która zmodyfikowała rekord (P)
    • SZCZ U/AB
942 -Rodzaj dokumentu [ , ]
    • c
    • Rodzaj dokumentu
    • Książka
245 -Strefa tytułu i oznaczenia odpowiedzialności [0,0]
    • a
    • Tytuł
    • Działania ekonomiczne podmiotów rynkowych : Find
    • b
    • Ciąg dalszy tytułu (NP)
    • materiały konferencyjne Międzynarodowej Konferencji "Ekonomiczne wyzwania XXI wieku, Polska - Unia Europejska - Świat" zorganizowanej przez Katedrę Mikroekonomii Uniwersytetu Szczecińskiego w ramach IV Ogólnopolskiego Zjazdu Katedr Ekonomii : praca zbiorowa / Find
    • c
    • Pozostałe elementy strefy tytułu i oznaczenia odpowiedzialności (NP)
    • pod redakcją naukową Danuty Kopycińskiej ; Katedra Mikroekonomii, Uniwersytet Szczeciński.
260 -Strefa adresu wydawniczego [ , ]
    • a
    • Miejsce wydania (P)
    • Szczecin :
    • b
    • Nazwa wydawcy (P)
    • Print Group Daniel Krzanowski,
    • c
    • Data wydania (P)
    • 2007.
300 -Strefa opisu fizycznego [ , ]
    • a
    • Określenie formy książki i/lub objętość (NP)
    • 280 stron :
    • b
    • Oznaczenie ilustracji (NP)
    • ilustracje ;
    • c
    • Format (NP)
    • 24 cm.
336 -Typ zawartości [ , ]
    • a
    • Termin opisujący typ zawartości
    • Tekst
    • b
    • Kod określający zawartość
    • txt
    • 2
    • Źródło (terminu i kodu)
    • rdacontent
337 -Typ mediów [ , ]
    • a
    • Tryb odtwarzania
    • Bez urządzenia pośredniczącego
    • b
    • Kod typu mediów
    • n
    • 2
    • Źródło (terminu i kodu)
    • rdamedia
338 -Typ/rodzaj nośnika [ , ]
    • a
    • Hasło opisujące typ nośnika
    • Wolumin
    • b
    • Kod typu nośnika
    • nc
    • 2
    • Źródło (terminu i kodu)
    • rdacarrier
500 -Uwaga ogólna [ , ]
    • a
    • Uwaga ogólna (NP)
    • Na okładce: LAMA Project ; Sixth Framework Programme.
504 -Uwaga dot. bibliogr. załącznikowej [ , ]
    • a
    • Uwaga dot. bibliografii załącznikowej
    • Bibliografia przy referatach.
080 -Uniwersalna Klasyfikacja Dziesiętna [ , ]
    • 2
    • Identyfikator wydania tablic
    • UDC-P058
    • 9
    • UKD
    • 2966
    • a
    • Symbol klasyfikacji
    • 330.342.172
    • b
    • Dopowiedzenie
    • Gospodarka rynkowa (wolnorynkowa).
    • 4
    • UKD2
    • 7641
    • x
    • Poddział wspólny
    • (061)
    • c
    • Dopowiedzenie poddz. wspólnego
    • (Wydawnictwa odnoszące się do konferencji, zjazdów itd. Sprawozdania z konferencji).
080 -Uniwersalna Klasyfikacja Dziesiętna [ , ]
    • 2
    • Identyfikator wydania tablic
    • UDC-P058
    • 9
    • UKD
    • 8748
    • a
    • Symbol klasyfikacji
    • 37.016:33
    • b
    • Dopowiedzenie
    • Nauczanie ekonomii.
    • 4
    • UKD2
    • 7641
    • x
    • Poddział wspólny
    • (061)
    • c
    • Dopowiedzenie poddz. wspólnego
    • (Wydawnictwa odnoszące się do konferencji, zjazdów itd. Sprawozdania z konferencji).
650 -Hasło przedmiotowe [ ,7]
    • a
    • Hasło przedmiotowe
    • Gospodarka rynkowa
    • x
    • Określnik rzeczowy
    • aspekt społeczny
    • v
    • Określnik formalny
    • konferencje.
    • 2
    • Źródło terminu
    • kaba
    • 9
    • KHW
    • 370179
650 -Hasło przedmiotowe [ ,7]
    • a
    • Hasło przedmiotowe
    • Socjologia ekonomii
    • v
    • Określnik formalny
    • konferencje.
    • 2
    • Źródło terminu
    • kaba
    • 9
    • KHW
    • 370180
650 -Hasło przedmiotowe [ ,7]
    • a
    • Hasło przedmiotowe
    • Ekonomia
    • x
    • Określnik rzeczowy
    • studia i nauczanie (akademickie)
    • v
    • Określnik formalny
    • konferencje.
    • 2
    • Źródło terminu
    • kaba
    • 9
    • KHW
    • 370178
980 -Symbol UKD [ , ]
    • a
    • UKD
    • 330.342.172:37.016:33](061)
700 -Hasło dodatkowe - nazwa osobowa [1, ]
    • a
    • Nazwa osobowa (NP)
    • Kopycińska, Danuta. Find
    • e
    • Określenie rodzaju współpracy
    • Redakcja
    • 9
    • KHW
    • 1705
710 -Hasło dodatkowe - nazwa ciała zbiorowego [2, ]
    • a
    • Nazwa ciała zbiorowego lub nazwa geograficzna jako pierwszy element (NP)
    • Uniwersytet Szczeciński.
    • b
    • Nazwa jednostki podrzędnej (P)
    • Katedra Mikroekonomii.
    • e
    • Rodzaj współpracy
    • Instytucja sprawcza
    • 9
    • KHW
    • 1702
710 -Hasło dodatkowe - nazwa ciała zbiorowego [2, ]
    • a
    • Nazwa ciała zbiorowego lub nazwa geograficzna jako pierwszy element (NP)
    • Print Group Daniel Krzanowski.
    • e
    • Rodzaj współpracy
    • Wydawca
    • 4
    • Kod relacji
    • pbl
    • 9
    • KHW
    • 78496
711 -Hasło dodatkowe - nazwa imprezy [2, ]
    • a
    • Nazwa imprezy (NP)
    • Ogólnopolski Zjazd Katedr Ekonomii
    • n
    • Numer imprezy (P)
    • (4 ;
    • d
    • Data imprezy (NP)
    • 2007).
    • 9
    • KHW
    • 48538
920 -ISBN [ , ]
    • a
    • ISBN
    • 978-83-60903-47-6 Find
Sygnatura Numer inwentarzowy Status udost. Lokalizacja Data inwentaryzacji
 E.71704-2BE2009-01-08
33GW.8930-3GW2017-01-11
T.20709T.20709-2T2019-03-05
TM.15523TM.15523-2T2021-08-05